00848nam a2200277Ia 4500003000400000005001700004006001800021007000300039008004100042024001100083037001100094040001800105041001300123100002900136110007600165245007900241260000900320300001800329650001200347700003200359700003700391700003500428700007600463942001200539999001900551OSt20220930090409.0a|||||r|||| 00| 0ta220926b |||||||| |||| 00| 0 eng d a109441 cTheses aCRLcCRLbeng 2engaeng aGhosh Suchismita9542407 aUniversity of Delhi. Faculty of Medical Sciences. Department of Anatomy 0aHistogenesis of enteric nervous system in the human stomach b Fetal study c2010 a95p.ap.ccm. aANATOMY a Dr. J. M. Kaul Gu.9532636 a Dr. Neelam Vasudeva Gu.9537133 a Dr. Sabita Mishra Gu.9539966 aUniversity of Delhi. Faculty of Medical Sciences. Department of Anatomy cDIS2CC c880494d880494